| 000 | 00818nam a2200241 i 4500 | ||
|---|---|---|---|
| 003 | DO-SdBNP | ||
| 005 | 20240809135043.0 | ||
| 006 | a||||gr|||| 00| 0 | ||
| 007 | ta | ||
| 008 | 240809t1985 sp ||||| |||| 00| 0 spa d | ||
| 040 |
_aDO-SdBNP _bspa _cBNPHU _erda |
||
| 082 | 4 |
_222 _bA473d |
|
| 100 | 1 |
_aAlvarez Méndez, Juan Manuel _eautor _986255 |
|
| 245 | 1 | 0 |
_aDidactica, curriculo y evaluación: _bensayos sobre cuestiones didacticas / _cJuan Manuel Álvarez Méndez |
| 264 | 4 |
_aBarcelona, España : _bEditorial alawex, S. A., _c©1985 |
|
| 300 |
_a92 páginas : _c23 cm. |
||
| 336 |
_2rdacontent _atexto _btxt |
||
| 337 |
_2rdamedia _asin mediación _bn |
||
| 338 |
_2rdacarrier _avolumen _bnc |
||
| 500 | _aIncluye bibliografía y notas al pie de páginas. | ||
| 590 | _aInventariado 2024 / MF | ||
| 942 |
_2ddc _cLBS1 |
||
| 999 |
_c57395 _d57395 |
||